MARC details
| 000 -LÍDER |
| campo de controle de tamanho fixo |
01531nam a22003017a 4500 |
| 001 - NÚMERO DE CONTROLE |
| campo de controle |
476 |
| 003 - IDENTIFICADOR DO NÚMERO DE CONTROLE |
| campo de controle |
OSt |
| 005 - DATA E HORÁRIO DA ÚLTIMA TRANSAÇÃO |
| campo de controle |
20250902140521.0 |
| 008 - CAMPO DE DADOS FIXOS--INFORMAÇÃO GERAL |
| campo de controle de tamanho fixo |
250902b |||||||| |||| 00| 0 eng d |
| 020 ## - ISBN - INTERNATIONAL STANDARD BOOK NUMBER |
| ISBN - International Standard Book Number |
8526007750 |
| 040 ## - FONTE DA CATALOGAÇÃO |
| Idioma da catalogação |
por |
| 041 ## - CÓDIGO DE IDIOMA |
| Código do idioma do original e/ou traduções intermediárias do texto |
por |
| 043 ## - CÓDIGO DE ÁREA GEOGRÁFICA |
| Código de área geográfica |
s-bl--- |
| 082 04 - CDD - CLASSIFICAÇÃO DECIMAL DE DEWEY |
| Número de Classificação |
028.5 |
| Número do exemplar |
A544r |
| 100 1# - ENTRADA PRINCIPAL--NOME PESSOAL |
| Nome pessoal |
Lopes, Cecília Reggiani. |
| 9 (RLIN) |
1021 |
| 245 12 - TÍTULO |
| Título |
O rouxinol e o imperador da China / |
| Indicação de responsabilidade, etc. |
Hans Christian Andersen ; adaptação Cecilia Reggiani Lopes ; ilustrações Cláudia Scatamacchia. |
| 260 ## - PUBLICAÇÃO, DISTRIBUIÇÃO, ETC. |
| Local de publicação, distribuição, etc. |
São Paulo: |
| Nome do editor, distribuidor, etc. |
Global, |
| Data da publicação, distribuição, etc. |
2002. |
| 300 ## - DESCRIÇÃO FÍSICA |
| Extensão |
47p. : |
| Outros detalhes físicos |
il. ; |
| 490 1# - TÍTULO DA SÉRIE |
| Título da série |
(Literatura em minha casa. Clássico universal ; |
| Número do volume ou designação sequencial da série |
v.4 |
| 520 ## - NOTA DE RESUMO, ETC. |
| Resumo, etc. |
“O Rouxinol e o Imperador da China” é um conto clássico de Hans Christian Andersen que narra a história de um imperador fascinado pela beleza do canto de um rouxinol. Ao descobrir o pássaro, o convida para viver em seu palácio, mas logo o substitui por um rouxinol mecânico feito de joias. Com o tempo, o falso rouxinol se desgasta e, quando o imperador adoece, apenas o canto verdadeiro do rouxinol consegue devolver-lhe a esperança e a vontade de viver. A obra traz uma reflexão sobre a simplicidade, a autenticidade e o valor do natural frente ao artificial. |
| 650 00 - ASSUNTO--TERMO TÓPICO |
| Cabeçalho tópico ou nome geográfico |
Literatura Estrangeira |
| 9 (RLIN) |
9 |
| 650 00 - ASSUNTO--TERMO TÓPICO |
| Cabeçalho tópico ou nome geográfico |
Clássicos |
| 9 (RLIN) |
77 |
| 650 00 - ASSUNTO--TERMO TÓPICO |
| Cabeçalho tópico ou nome geográfico |
Contos de fadas |
| 9 (RLIN) |
1023 |
| 700 1# - ENTRADA ADICIONADA - NOME PESSOAL |
| Nome pessoal |
Andersen, H. C. |
| Datas associadas ao nome |
1805-1875 |
| Título da publicação |
Le rossignol et l'empereur |
| 700 1# - ENTRADA ADICIONADA - NOME PESSOAL |
| Nome pessoal |
Scatamacchia, Cláudia, |
| Datas associadas ao nome |
1946- |
| 9 (RLIN) |
1025 |
| 830 ## - ENTRADA SECUNDÁRIA DE SÉRIE--TÍTULO UNIFORME |
| Título uniforme |
Literatura em minha casa |
| 9 (RLIN) |
1026 |
| 942 ## - ELEMENTOS DE ENTRADA ADICIONADOS (KOHA) |
| Fonte de classificação ou esquema de arquivamento |
Classificação decimal de Dewey |
| Ocultar no OPAC |
Não |
| Tipo de material Koha |
Livros |